| 000 | 00820nam a2200229 a 4500 | ||
|---|---|---|---|
| 001 | BRCA_2775 | ||
| 005 | 20190320203950.0 | ||
| 008 | 081208s1961----maua---###---#000-0#eng-# | ||
| 050 | 4 |
_aN527 _b.D38 1961 |
|
| 245 | 1 | 0 |
_aThe David Moore Robinson bequest of classical art and antiquities _bMay 1 to September 20 _cFogg Art Museum - Harvard University ; introd. by G.M.A. Hanfmann. |
| 260 |
_aCambridge, Massachusetts _bHarvard College _c1961 |
||
| 300 |
_a48 p. _bil. _c26 cm. |
||
| 500 | _aAA5 | ||
| 600 | 1 | 4 |
_aRobinson, David Moore _d1880-1958 _97805 |
| 650 | 1 | 4 |
_aArte _zEstados Unidos _97806 |
| 650 | 1 | 4 |
_aGalerias y Museos _zEstados Unidos _97437 |
| 700 | 1 |
_aHanfmann, G. M. A. _eintrod _97807 |
|
| 710 | 2 |
_aHarvard University _97808 |
|
| 710 | 2 |
_aWilliam Hayes Fogg Art Museum _97809 |
|
| 902 | _aGFM | ||
| 942 |
_2lcc _cB |
||
| 999 |
_c2515 _d2515 |
||